| 000 | 00631nam a2200205 a 4500 | ||
|---|---|---|---|
| 003 | OSt | ||
| 005 | 20240226125302.0 | ||
| 008 | 180220t2015 pk | |||| 000 f urd d | ||
| 020 | _a9789693522990 | ||
| 040 | _c0 | ||
| 082 |
_a891.4393 _bQUR 2015 |
||
| 100 | 1 |
_aقرۃالعين حيدر _9121321 |
|
| 245 | 1 | 0 |
_aآگ کادريا _cQurat Ul Ain Haider |
| 246 | _aAag Ka Darya | ||
| 260 |
_aLahore: _bSang e Meel Pub; _c2015. |
||
| 300 | _a480 p. | ||
| 650 |
_aUrdu literature _vNovel _9876 |
||
| 942 |
_2ddc _cBK _aSADA _k891.4393 QUR 2015 |
||
| 999 |
_c608189 _d608189 |
||